O. Hood Phillips' Constitutional and Administrative Law / (Record no. 139)

MARC details
000 -LEADER
fixed length control field 00911cam a2200265 i 4500
003 - CONTROL NUMBER IDENTIFIER
control field OSt
005 - DATE AND TIME OF LATEST TRANSACTION
control field 20171025211123.0
008 - FIXED-LENGTH DATA ELEMENTS--GENERAL INFORMATION
fixed length control field 790910s1978 enk b 001 0 eng
020 ## - INTERNATIONAL STANDARD BOOK NUMBER
International Standard Book Number 0421239700 :
Terms of availability £8.50
020 ## - INTERNATIONAL STANDARD BOOK NUMBER
International Standard Book Number 042135040 (pbk.)
040 ## - CATALOGING SOURCE
Original cataloging agency DLC
Transcribing agency DLC
Modifying agency DLC
082 00 - DEWEY DECIMAL CLASSIFICATION NUMBER
Classification number 342
Edition number 22
Item number PHI
100 1# - MAIN ENTRY--PERSONAL NAME
Personal name Phillips, Owen Hood.
9 (RLIN) 383
245 10 - TITLE STATEMENT
Title O. Hood Phillips' Constitutional and Administrative Law /
Statement of responsibility, etc O. Hood Phillips and Paul Jackson.
250 ## - EDITION STATEMENT
Edition statement 7th. ed.
260 ## - PUBLICATION, DISTRIBUTION, ETC. (IMPRINT)
Place of publication, distribution, etc London :
Name of publisher, distributor, etc Sweet & Maxwell,
Date of publication, distribution, etc 1987.
300 ## - PHYSICAL DESCRIPTION
Extent lxxvi, 808 p. ;
Dimensions 24 cm.
504 ## - BIBLIOGRAPHY, ETC. NOTE
Bibliography, etc Includes bibliographical references and indexes.
650 #0 - SUBJECT ADDED ENTRY--TOPICAL TERM
Topical term or geographic name as entry element Constitutional law
Geographic subdivision Great Britain.
9 (RLIN) 384
650 #0 - SUBJECT ADDED ENTRY--TOPICAL TERM
Topical term or geographic name as entry element Administrative law
Geographic subdivision Great Britain.
9 (RLIN) 385
650 #0 - SUBJECT ADDED ENTRY--TOPICAL TERM
Topical term or geographic name as entry element Constitutional law
Geographic subdivision Commonwealth countries.
9 (RLIN) 386
700 1# - ADDED ENTRY--PERSONAL NAME
Personal name Jackson, Paul,
Titles and other words associated with a name LL.B.
9 (RLIN) 387
740 ## - ADDED ENTRY--UNCONTROLLED RELATED/ANALYTICAL TITLE
Uncontrolled related/analytical title Constitutional and administrative law.
942 ## - ADDED ENTRY ELEMENTS (KOHA)
Source of classification or shelving scheme Dewey Decimal Classification
Koha item type Books
Holdings
Withdrawn status Lost status Source of classification or shelving scheme Damaged status Not for loan Home library Current library Shelving location Date acquired Total Checkouts Full call number Barcode Date last seen Price effective from Koha item type
    Dewey Decimal Classification     Law Development Centre Main Library Law Development Centre Main Library Text Books and Laws 04/08/2011   342 PHI 2011/2640 04/08/2011 04/08/2011 Books